De la participation des CER à la « maturation » et au développement éducatif des jeunes en difficulté (notice n° 1629780)

détails MARC
000 -LEADER
fixed length control field 00915cam a2200157 4500500
005 - DATE AND TIME OF LATEST TRANSACTION
control field 20260111102012.0
041 ## - LANGUAGE CODE
Language code of text/sound track or separate title fre
042 ## - AUTHENTICATION CODE
Authentication code dc
100 10 - MAIN ENTRY--PERSONAL NAME
Personal name Konaté, Bouréima
Relator term author
245 00 - TITLE STATEMENT
Title De la participation des CER à la « maturation » et au développement éducatif des jeunes en difficulté
260 ## - PUBLICATION, DISTRIBUTION, ETC.
Date of publication, distribution, etc. 2005.<br/>
500 ## - GENERAL NOTE
General note 93
520 ## - SUMMARY, ETC.
Summary, etc. Résumé L’auteur témoigne de la singularité d’une expérience qui peut permettre de parler des cer, qui donne l’occasion d’écrire quelques mots/maux sur cet « espace clos » du champ éducatif. La prise en charge des jeunes au cer en lien avec la délocalisation éducative, induit-elle des effets perceptibles à court, moyen et/ou long terme à l’avantage des jeunes ?
786 0# - DATA SOURCE ENTRY
Note Empan | 59 | 3 | 2005-09-01 | p. 130-137 | 1152-3336
856 41 - ELECTRONIC LOCATION AND ACCESS
Uniform Resource Identifier <a href="https://shs.cairn.info/revue-empan-2005-3-page-130?lang=fr&redirect-ssocas=7080">https://shs.cairn.info/revue-empan-2005-3-page-130?lang=fr&redirect-ssocas=7080</a>

Pas d'exemplaire disponible.

PLUDOC

PLUDOC est la plateforme unique et centralisée de gestion des bibliothèques physiques et numériques de Guinée administré par le CEDUST. Elle est la plus grande base de données de ressources documentaires pour les Étudiants, Enseignants chercheurs et Chercheurs de Guinée.

Adresse

627 919 101/664 919 101

25 boulevard du commerce
Kaloum, Conakry, Guinée

Réseaux sociaux

Powered by Netsen Group @ 2025